| 000 | 00629nam a2200205 i 4500 | ||
|---|---|---|---|
| 001 | 181439 | ||
| 003 | ES-MaACL | ||
| 005 | 20250721170600.0 | ||
| 008 | 130116s2010 sp | |||||||| | spa d | ||
| 080 | _a821.134.2-31"19" | ||
| 100 | 1 |
_aMontseny, Federica, _d1905-1994 _9240807 |
|
| 245 | 1 | 3 |
_aLa indomable / _cFederica Montseny. |
| 260 |
_a[Madrid] : _bDiario Público, _cD.L. 2010. |
||
| 300 |
_a139 p. ; _c18 cm. |
||
| 490 | 1 | _aVoces críticas | |
| 830 | 0 | 0 |
_aVoces críticas _9191445 |
| 852 |
_aES-MaACL _jA-12451 _9188340 _bR.147173 _cDEPO1 _dOlim: N-5457 |
||
| 942 |
_2udc _cMONOGRAFIA |
||
| 999 |
_c181439 _d181439 |
||